000 00602nam a2200169 i 4500
001 74998
003 ES-MaACL
007 t|
008 040921s1965 sp ||||1| spa d
100 1 _aGottardello, C.
_959288
245 1 0 _aTécnica de la impresión offset /
_coriginal de C. y M. Gottardello ; [versión realizada por Biblioteca Profesional Salesiana].
260 _aBarcelona :
_b[s.n.,
_c1965] (
_fGráf. Salesiana)
300 _a318 p., 10 lám. :
_bil. ;
_c22 cm.
700 1 _aGottardello, M.
_959289
710 2 _aBiblioteca Profesional Salesiana.
_92203
852 _aES-MaACL
_jE-685
_bR.56688
999 _c74998
_d74998